LIBRARY & INFORMATION CENTRE, KCAET, TAVANUR

ONLINE PUBLIC ACCESS CATALOGUE (OPAC)

SPATIAL MAPPING OF WATER SUPPLY & DISTRIBUTION NETWORK OF KCAET CAMPUS USING TOTAL STATION SURVEY & GIS (Record no. 17716)

MARC details
000 -LEADER
fixed length control field 00533nam a22001577a 4500
003 - CONTROL NUMBER IDENTIFIER
control field OSt
082 ## - DEWEY DECIMAL CLASSIFICATION NUMBER
Classification number 631.587
Item number BAL
088 ## - REPORT NUMBER
Report number 578
100 ## - MAIN ENTRY--AUTHOR NAME
Personal name BALAGA SUPRAJA
-- NIDA FATHIMA
-- PARVATHY C V
-- SHAFNA PP
-- SOORYA K
245 ## - TITLE STATEMENT
Title SPATIAL MAPPING OF WATER SUPPLY & DISTRIBUTION NETWORK OF KCAET CAMPUS USING TOTAL STATION SURVEY & GIS
260 ## - PUBLICATION, DISTRIBUTION, ETC. (IMPRINT)
Place of publication TAVANUR
Name of publisher DEPARTMENT OF IRRIGATION AND DRAINAGE ENGINEERING
Year of publication 2023
300 ## - PHYSICAL DESCRIPTION
Number of Pages 52+VI
700 ## - ADDED ENTRY--PERSONAL NAME
Personal name ASHA JOSEPH (GUIDE)
700 ## - ADDED ENTRY--PERSONAL NAME
Personal name SHEEJA P S (Co-Guide)
942 ## - ADDED ENTRY ELEMENTS (KOHA)
Koha item type Project Report
Holdings
Collection code Home library Current library Full call number Accession Number Koha item type
Reference KAUAET KAUAET 631.587 BAL P 578 Project Report
free website counter